MDQL
is popping MORE tags! Check the
thread
!
Quizzes
Events
Quiz Creation
Community
Videos
Private Events
Remove Ads
Sign In
Join for FREE
Feedback
Dark Mode
Quiz Categories
Sports
Geography
Music
Movies
Television
Just For Fun
Miscellaneous
History
Literature
Language
Science
Gaming
Entertainment
Religion
Holiday
For Kids
Quiz Lab
Recent
Popular Today
Quiz Kudos Today
Editor Picks
Curator Picks
Quizzes by...
Day
Popularity
Type
Ratings
Length
Year
Community
Subscriptions
Recent Discussions
Orange Saloon
Badges
Playlists
Quests
Create
Leaderboards
Showdown
Live 5
Trivia Bingo
Activity
Puzzle Library
Sporcle Events
Private Events
Virtual Trivia
Globe League
Become a Host
Pub Owners
SporcleCon
Opinionation
Our Games
Videos
Blog
Mobile Apps
Partnerships
Remove Ads and Go Orange
Feedback
Sports
Athletes
MLB
NBA
NHL
NFL
Soccer
Sports Teams
WWE
NCAA
Football
Premier League
Basketball
Baseball
Hockey
Golf
Tennis
Cricket
Rugby
Auto Racing
Olympics
World Cup
Sports
Athletes
MLB
NBA
NHL
NFL
Soccer
Sports Teams
WWE
NCAA
Football
Premier League
Basketball
Baseball
Hockey
Golf
Tennis
Cricket
Rugby
Auto Racing
Olympics
World Cup
Random Quiz
Search Sporcle
×
Quiz Lab
Quiz Lab
Sports
Football
Type in answers that appear in a list
Type in answers that appear in a list
Classic
Best Score? Go Orange.
Quarterback by their Last College Game Stats
Can you name the quarterback by their last college game?
By
AjaxFortune
5m
25 Questions
55 Plays
55 Plays
55 Plays
Comments
Comments
Give Quiz Kudos
Give Quiz Kudos
-
- Ratings
hide this ad
Forced Order
Answers have to be entered in order
Answers have to be entered in order
Random Order
Randomize order of answers
Randomize order of answers
Replay
Link that replays current quiz
Next Quiz
Link to next quiz in quiz playlist
You Got
0%
They Got
Avg Score
31%
Avg Friend Score
Upgrade to see
Score Distribution
Jump to the score distribution portion of the page
Score
0/25
Timer
05:00
0
Plays Today
Game
Quarterback
% Correct
Lost 7-
3 in the 1983 Cotton Bowl Classic vs. SMU
Dan Marino
60%
Won 35-
34 in the 1979 Cotton Bowl Classic vs. Houston
Joe Montana
58.2%
Lost 25-
20 to Cal in a 1982 Regular Season Game
John Elway
56.4%
Lost 14-
10 in the 1987 Fiesta Bowl vs. Penn State
Vinny Testaverde
49.1%
Lost 42-
17 in the 1998 Orange Bowl vs. Nebraska
Peyton Manning
47.3%
Won 31-
28 in the 2004 Cotton Bowl Classic vs. Oklahoma St
Eli Manning
40%
Won 17-
3 in the 1989 Cotton Bowl Classic vs. Arkansas
Troy Aikman
38.2%
Lost 34-
24 in the 2001 Rose Bowl vs. Washington
Drew Brees
38.2%
Won 21-
17 in the 1983 Holiday Bowl vs. Missouri
Steve Young
36.4%
Won 35-
34 in the 2000 Orange Bowl vs Alabama
Tom Brady
32.7%
Won 30-
3 in a 1972 Regular Season Game vs. Oregon St
Dan Fouts
32.7%
Lost 21-
17 in the 1965 Orange Bowl vs. Texas
Joe Namath
30.9%
Lost 45-
31 in the 2004 Holiday Bowl vs. Texas Tech
Aaron Rodgers
30.9%
Game
Quarterback
% Correct
Lost 26-
0 in the 1955 Iron Bowl vs. Auburn
Bart Starr
30.9%
Lost 30-
0 in a 1978 Regular Season Game vs. Eastern Kentucky
Phil Simms
27.3%
Lost 28-
6 in the 1964 Cotton Bowl Classic vs. Texas
Roger Staubach
25.5%
Lost 31-
27 in the 1990 All-
American Bowl vs. NC State
Brett Favre
25.5%
Won 16-
6 in the 1937 Cotton Bowl Classic vs. Marquette
Sammy Baugh
23.6%
Lost 20-
6 in a 1954 Regular Season Game vs. Eastern Kentucky
Johnny Unitas
21.8%
Won 7-
6 in a 1960 Regular season game vs. Georgia Tech
Frank Tarkenton
20%
Lost 36-
27 in a 1938 Regular Season Game vs. Brown
Sid Luckman
18.2%
Won 19-
13 in a 1982 Regular Season Game vs. Cincinnati
Jim Kelly
18.2%
Lost 27-
21 in the 1993 Division I-
AA Playoffs vs. Boston University
Kurt Warner
16.4%
Won 53-
6 in a 1943 Regular season game vs. Illinois
Otto Graham
10.9%
Won 27-
7 in the 1948 Sugar Bowl vs. Alabama
Bobby Layne
5.5%
Quiz Playlist
Details
Report
Send in Message
Add To Playlist
Classic:
Type in answers that appear in a list
Forced Order:
Answers have to be entered in order
Random Order:
Randomize order of answers
Quiz Source
Last Updated: Feb 16, 2017
Quiz Scoreboard
CHALLENGE
Sign Up to Join the Scoreboard
Show All
Scores
Hide
Comments
May contain spoilers
Recently Published
Holiday 10x10 Sorting Gallery
by lukepisani3
Holiday
15m
Two Season TV Shows II
by 123Four
Television
10m
Image Sorting: Flags VI
by Barbecue
Geography
2m
More to Explore
Quiz From the Vault
Featured Blog Post
14 Easter Pick-up Lines to Find Eggs With
hide this ad
You Might Also Like...
Tags
College Quiz
Football Quiz
NFL Quiz
last
NFL Player
Quarterbacks
Today's Top Quizzes in Sports
Browse Sports
hide this ad
Today's Top Quizzes in Football
Browse Football
Top Contributed Quizzes in Sports
1
Les meilleurs buteurs des matchs entre le PSG et l’OM
2
Les entraîneurs de l'OM et du PSG au 21e siècle
3
2022 World Cup Stars
4
Les joueurs passés par le PSG et l'OM
5
Players with Multiple 50 Home Run Seasons
6
FIFA Club World Cup Champions
7
Criteria MLB: Left Handed Sluggers
8
Les joueurs passés par le LOSC et le RC Lens
9
Top 10 NHL Goal Scorers of All Time
10
NBA Logic Puzzle 2.0
Explore More
Trending Topics
Marvel
Kpop
NBA
Crossword
Disney
Anime
Harry Potter
Soccer
Song
NFL
Pokémon
Country
Puzzle
The Office
WWE
hide this ad
More By:
AjaxFortune
Quiz
Plays
Rating
Category
Featured
Created
Don't Lose Your Head!
4,419
3.79
History
Jul 21, 2014
Name the Explorer By Cause/Location of Death
1,965
4.83
History
May 26, 2014
War By Last Surviving Veteran
1,898
4.36
History
Apr 12, 2014
World cities by name origins
608
4.88
Geography
Sep 23, 2013
The Saint, Persuaders!, James Bond, All, or None
81
Television
Jan 3, 2014
Go to Creator's Profile
Score Distribution
Quiz Creator Spotlight
AjaxFortune
Follow
Send a Message
Quizzes Created
-
Created Quiz Play Count
-
More By This Creator
Popular Quizzes Today
1
Find the US States - No Outlines Minefield
2
Colored Red Africa Blitz
3
Find the 'City' Movie
4
The Countries of the World
5
5x2 Blitz: Bands
6
Find the Countries of Europe - No Outlines Minefield
7
Find the US States
8
US States
More Sports Quizzes
Mystery Sport
Published
Trending Quizzes
Colored Red Europe Blitz I
Colored Red Africa Blitz II
Colored Red Europe Blitz II
Even More Two Season TV Shows
Colored Red Africa Blitz III
Recently Updated
Odd Team Out - Big 4 Players
pecheneg
Quick Pick: 20 Twenties
pecheneg
March Madness Men's Triple Doubles
pecheneg
How Do You Spell That?
pecheneg
Godzilla Movies
pecheneg
Grab Bag: 4-10 Letters
pecheneg
2024 March Madness Bracket
pecheneg
Famous TV Couples
Peacemaker
Champions League XIs: Real Madrid
pecheneg
Largest US Cities 1790-2010
pecheneg
Trending Topics
Harry Potter
Disney
Crossword
NBA
Anime
Marvel
Kpop
The Office
WWE
Pokémon
Puzzle
Song
NFL
Country
Soccer
Your Account Isn't Verified!
In order to create a playlist on Sporcle, you need to verify the email address you used during registration. Go to your
Sporcle Settings
to finish the process.
Report this User
Report this user for behavior that violates our
Community Guidelines
.
Details:
Send Report
Go to the Sporcle.com Mobile Site →
Comments